00590nam a22001575i 4500001000700000003000900007005001700016008004100033100001400074245010000088260005700188300002000245500006500265500006600330852003600396170657ES-MaACL20230906145324.0090326s1884 fr |||| | spa d1 aJudet, A.10aDel empleo de la peptona fosfatada en los vómitos incoercibles de la preñez / c[A. Judet]. a[S.l. : bsn., c1884? (eMontdidier : fA. Radenne) a8 p. ; c21 cm. aEl autor figura añadido manuscrito al principio del texto. aGazette des Hospitaux, 7 agosto 1884 (al principio del texto) aES-MaACLjT-468-F-1 qSin port.